000 00783nam a22002777a 4500
003 CHAP
005 20220329140807.0
008 971013s1953 sp a r 00010 spa d
010 _a57722
011 _a58694
035 _a62850
040 _cCHAP
082 0 4 _a628.1
_bS84Y 1953
100 0 0 _aSteel, Ernest William.
_9109565
245 1 _aAbastecimiento de agua y alcantarillado
250 _a2 ed.
260 _aBarcelona :
_bG. Gili,
_c1953
300 _a740 p. :
_bilus.
590 _aBATCH-UPD
_b10
_c20130110
_lUCH01
_h1317
590 _aCONVERSION
_b10
_c20130109
_lUCH01
_h1331
650 1 4 _aAgua
_xAbastecimiento.
_92223
650 1 4 _aAlcantarillado.
_93560
901 _aBK
942 _cLIBRO
949 _a628.1 S84Y
_bBC
_cLIBRO
_d33724000420477
_eLIBRO
_h19208
_i62850
_si
999 _c57722
_d57722